| 000 -Etiqueta do registo | |
|---|---|
| campo de controlo de comprimento fixo | 006480000a22002170004500 |
| 001 - Identificador do registo | |
| Campo de controlo | 48925 |
| 010 ## - ISBN | |
| Número (ISBN) | 972-21-1118-3 |
| 021 ## - Nº depósito legal | |
| Código do país | Portugal |
| Número | 108505/97 |
| 100 ## - Dados Gerais de Proc. | |
| Dados gerais de processamento | 20030127d2003 k y0pory5003 ba |
| 101 0# - Língua da publicação | |
| Língua do texto, banda sonora, etc. | Português |
| 102 ## - País de Publicação | |
| País de publicação | Portugal |
| 200 1# - Título | |
| Título próprio | Hamina e outros contos |
| Primeira menção de responsabilidade | José Craveirinha |
| 210 ## - Publicação, Distribuição | |
| Lugar da edição, distribuição, etc. | Lisboa |
| Nome do editor, distribuidor, etc. | Caminho |
| Data da publicação, distribuição, etc. | 1997 |
| 215 ## - Descrição física | |
| Descrição física | 125 p |
| Outras indicações físicas | il. |
| 225 2# - Colecção | |
| Título próprio da colecção | Uma terra sem amos |
| Indicação de volume | 87 |
| 606 ## - Nome comum | |
| Koha Internal code | 2029 |
| Elemento de entrada | Literatura |
| Subdivisão de assunto | Contos |
| 675 ## - CDU | |
| Notação | 821.134.3(679)-34"20" |
| Edição | BN |
| Língua da edição | Português |
| 700 #1 - Responsabilidade principal | |
| Koha Internal Code | 15922 |
| Palavra de ordem | Craveirinha |
| Outra parte do nome | José |
| Datas | 1922-2003 |
| 090 ## - Números de controlo do sistema (Koha) | |
| Número biblioitem do Koha (gerado automaticamente) | 48925 |
| 942 ## - Elementos de entrada adicionados (Koha) | |
| Tipo de item no Koha | Monografias |
| Suprimido | Disponível no OPAC |
| 999 ## - Campo local | |
| Campo local | 48925 |
| Removido (estado) | Perdido (estado) | Data de aquisição | Origem do registo (biblioteca) (codificado) | Código da organização que empresta ou é detentora (biblioteca) | Código de barras | Número de inventário | Cota | Tipo de circulação (não pode ser emprestado) | Tipo de item e material |
|---|---|---|---|---|---|---|---|---|---|
| Disponível | Disponível | 2003-01-27 | Biblioteca EB23 D. Paio Peres Correia | Biblioteca EB23 D. Paio Peres Correia | BEBDPPC2413 | 2413 | 82-34(679) CRA | Normal | Monografias |